[Event "XL Gold Cup"]
[Site "Merano - Meran ITA"]
[Date "2012.04.??"]
[Round "8"]
[White "Harsch, Martin"]
[Black "Abel, Hans-Peter"]
[WhiteElo "2013"]
[BlackElo "1974"]
[Result "1-0"]
[PlyCount "39"]
[EventDate "2012.04.13"]

1. e4 g6 2. d4 Bg7 3. Nc3 c6 4. Be3 d6 5. Qd2 Nf6 6. f3 O-O 7. O-O-O d5 8. e5
Nfd7 9. Bh6 Re8 10. h4 Bh8 11. h5 f6 12. hxg6 hxg6 13. Bd3 f5 14. Qg5 Kf7 15.
Qh4 Rg8 16. Nh3 Nf8 17. Ng5+ Ke8 18. Bxf8 Kxf8 19. Qxh8 Rxh8 20. Rxh8+ 1-0

[Event "XL Gold Cup"]
[Site "Merano - Meran ITA"]
[Date "2012.04.??"]
[Round "8"]
[White "Huss, Benjamin"]
[Black "Kottenhoff, Roland"]
[WhiteElo "2142"]
[BlackElo "2166"]
[Result "1-0"]
[PlyCount "81"]
[EventDate "2012.04.13"]

1. Nf3 Nf6 2. g3 g6 3. Bg2 Bg7 4. d3 O-O 5. O-O d6 6. e4 e5 7. h3 Nc6 8. Nc3
Re8 9. Be3 Bd7 10. Qd2 a6 11. Kh2 Na7 12. a4 c5 13. Bg5 Bc6 14. Nh4 Qc7 15. Bh6
Qe7 16. Bg5 Qc7 17. Bh6 Qe7 18. Bxg7 Kxg7 19. Nd1 Bd7 20. Ne3 Nc6 21. c3 b5 22.
f4 Rab8 23. f5 Kg8 24. axb5 axb5 25. Nd5 Nxd5 26. exd5 Nd8 27. f6 Qf8 28. Ra7
Nb7 29. b4 Red8 30. Be4 cxb4 31. cxb4 Rdc8 32. Ng2 Rc7 33. Rf2 Rbc8 34. Qe3 Nd8
35. Qb6 Rxa7 36. Qxa7 Qe8 37. Qb6 Qf8 38. Ra2 h5 39. Ra7 Bf5 40. Re7 Bxe4 41.
dxe4 1-0

[Event "XL Gold Cup"]
[Site "Merano - Meran ITA"]
[Date "2012.04.??"]
[Round "8"]
[White "Marek, Herbert"]
[Black "Stratmann, Dietrich"]
[WhiteElo "1889"]
[BlackElo "1726"]
[Result "1/2-1/2"]
[PlyCount "38"]
[EventDate "2012.04.13"]

1. d4 Nf6 2. c4 c5 3. e3 g6 4. Nc3 cxd4 5. exd4 Bg7 6. Nf3 O-O 7. Be2 d6 8. O-O
a6 9. a4 Qc7 10. Bg5 h6 11. Bd2 Re8 12. Rc1 e5 13. Nd5 Nxd5 14. cxd5 Qd8 15.
dxe5 dxe5 16. Bc3 e4 17. Bxg7 exf3 18. Qd4 Kh7 19. Bxf3 Nd7 1/2-1/2

[Event "XL Gold Cup"]
[Site "Merano - Meran ITA"]
[Date "2012.04.??"]
[Round "8"]
[White "Roettcher, Wolfgang"]
[Black "Koch, Dieter"]
[WhiteElo "1792"]
[BlackElo "1826"]
[Result "1/2-1/2"]
[PlyCount "68"]
[EventDate "2012.04.13"]

1. e4 e5 2. f4 Qh4+ 3. g3 Qe7 4. fxe5 Qxe5 5. Nc3 c6 6. d4 Qe7 7. Nf3 d5 8. Qe2
Nf6 9. e5 Ng8 10. Bg2 h6 11. h4 Be6 12. O-O Qd7 13. Kh2 Ne7 14. Qf2 Na6 15. a3
Nc7 16. Na4 b6 17. b4 g6 18. Bf4 g5 19. Bxg5 hxg5 20. Nxg5 Nf5 21. Bh3 Nh6 22.
Nxe6 Nxe6 23. Qf6 Rg8 24. Rf2 Ng4+ 25. Bxg4 Rxg4 26. Raf1 Rg7 27. c3 Qe7 28.
Qf5 O-O-O 29. Qd3 Kb7 30. Rf6 Rd7 31. Qf5 Qe8 32. Rxe6 Qxe6 33. Qxe6 fxe6 34.
Rxf8 Rg4 1/2-1/2

[Event "XL Gold Cup"]
[Site "Merano - Meran ITA"]
[Date "2012.04.??"]
[Round "8"]
[White "Wempe, Juergen"]
[Black "Mahrla, Hans"]
[WhiteElo "2157"]
[BlackElo "1830"]
[Result "1-0"]
[PlyCount "49"]
[EventDate "2012.04.13"]

1. d4 Nf6 2. Bf4 e6 3. Nd2 d5 4. c3 c5 5. e3 cxd4 6. exd4 Nc6 7. Bd3 Bd6 8. Bg5
h6 9. Bh4 O-O 10. Ngf3 Re8 11. O-O e5 12. dxe5 Nxe5 13. Nxe5 Bxe5 14. Re1 Bg4
15. Bxf6 Bxh2+ 16. Kh1 Rxe1+ 17. Qxe1 Qxf6 18. Kxh2 Kf8 19. Qe3 Be6 20. Nf3 b6
21. Qe5 Qe7 22. Re1 Re8 23. Nd4 Qh4+ 24. Kg1 Bd7 25. Qd6+ 1-0

[Event "XL Gold Cup"]
[Site "Merano - Meran ITA"]
[Date "2012.04.??"]
[Round "9"]
[White "Abel, Hans-Peter"]
[Black "Schleime, Franz-Josef"]
[WhiteElo "1974"]
[BlackElo "1777"]
[Result "1/2-1/2"]
[PlyCount "41"]
[EventDate "2012.04.13"]

1. c4 Nf6 2. Nc3 e6 3. d4 Bb4 4. Qb3 c5 5. a3 cxd4 6. axb4 dxc3 7. Qxc3 Qc7 8.
g3 b6 9. Bg2 Bb7 10. Nf3 O-O 11. Bf4 d6 12. c5 e5 13. Be3 bxc5 14. bxc5 Nd5 15.
cxd6 Qxd6 16. Qxe5 Qd7 17. Bc5 Re8 18. Qd6 Qb5 19. O-O Na6 20. Bd4 Rad8 21. Qa3
1/2-1/2

[Event "XL Gold Cup"]
[Site "Merano - Meran ITA"]
[Date "2012.04.??"]
[Round "9"]
[White "Pregl, Walter"]
[Black "Huss, Benjamin"]
[WhiteElo "2110"]
[BlackElo "2142"]
[Result "1/2-1/2"]
[PlyCount "28"]
[EventDate "2012.04.13"]

1. e4 c5 2. Nc3 Nc6 3. f4 e6 4. Nf3 d5 5. e5 Nge7 6. Bb5 Bd7 7. d3 h5 8. Bxc6
Bxc6 9. d4 Nf5 10. Ne2 h4 11. c3 b6 12. Qd3 c4 13. Qc2 b5 14. Bd2 a5 1/2-1/2

[Event "XL Gold Cup"]
[Site "Merano - Meran ITA"]
[Date "2012.04.??"]
[Round "9"]
[White "Sieghardt, Walter"]
[Black "Marek, Herbert"]
[WhiteElo "1642"]
[BlackElo "1889"]
[Result "0-1"]
[PlyCount "31"]
[EventDate "2012.04.13"]

1. d4 d5 2. e3 Nf6 3. c4 c6 4. Nc3 a6 5. Nf3 e6 6. a3 Nbd7 7. cxd5 exd5 8. Be2
Be7 9. O-O Ne4 10. Qc2 f5 11. h3 O-O 12. Bd3 Kh8 13. b3 Qe8 14. Bb2 Qg6 15. Ne2
Qh6 16. Qd2 0-1